000 004550000a22001690004500
041 0 _aSPA
082 0 4 _aG 270 K425m
100 1 _aKessler, Juan B. A. (1925-)
245 1 0 _aMomentos decisivos en la historia de la iglesia / Juan kessler
260 _aSan José, Costa Rica : IINDEF
300 _a63 Pag
001 8187
942 _cBK
999 _c38379
_d38379
336 _atexto
_btxt
_2rdacontent
337 _2rdamedia
_asin mediación
_bn
338 _2rdacarrier
_avolumen
_bnc